配送車両(トラックなど)のロゴクイズ - Statistics

General Stats
  • This quiz has been taken 150 times
  • The average score is 14 of 20
Answer Stats
Picture Answer % Correct
ヤマト運輸
98%
ドミノ・ピザ
93%
ピザーラ
89%
山崎製パン
88%
マクドナルド
88%
Amazon
88%
佐川急便
83%
サカイ引越センター
80%
日本郵便
80%
アート引越センター
77%
西濃運輸(カンガルー便)
71%
すかいらーく
70%
アリさんマークの引越社
66%
福山通運
65%
コープ
64%
日本通運
53%
スジャータ
47%
パルシステム
40%
ヨドバシカメラ
25%
ASKUL / LOHACO
16%
No matching quizzes found
Score Distribution
Percent of People with Each Score
Percentile by Number Answered
Your Score History
You have not taken this quiz